| 000 | 00602nam a2200193 a 4500 | ||
|---|---|---|---|
| 005 | 20140310183459.0 | ||
| 008 | 100309s19uu xx 00 eng d | ||
| 020 | _a9789712721599 | ||
| 050 |
_aQA 76.76.H94 _b.Ab17 2009 |
||
| 100 | _aAbante, Marmelo V. | ||
| 245 |
_aWeb Application : _bprogramming language; presentations made easy / _cMarmelo V. Abante. |
||
| 260 |
_aPasig City : _bAnvil Publishing, Inc, _c2009. |
||
| 300 |
_a119 p. : _bill. ; _c22 cm. |
||
| 521 | _aIT | ||
| 650 | _aWeb Application. | ||
| 650 | _aProgramming language (Computers). | ||
| 942 |
_cBK _2lcc _kLOC |
||
| 999 |
_c23822 _d23822 |
||